Leçons de stylistique : Cours et exercices corrigés (notice n° 2174702)
[ vue normale ]
| 000 -LEADER | |
|---|---|
| fixed length control field | 01106cam a2200133 4500500 |
| 005 - DATE AND TIME OF LATEST TRANSACTION | |
| control field | 20260405051020.0 |
| 041 ## - LANGUAGE CODE | |
| Language code of text/sound track or separate title | fre |
| 042 ## - AUTHENTICATION CODE | |
| Authentication code | dc |
| 100 10 - MAIN ENTRY--PERSONAL NAME | |
| Personal name | Calas, Frédéric |
| Relator term | author |
| 245 00 - TITLE STATEMENT | |
| Title | Leçons de stylistique : Cours et exercices corrigés |
| 260 ## - PUBLICATION, DISTRIBUTION, ETC. | |
| Name of publisher, distributor, etc. | Armand Colin,<br/> |
| Date of publication, distribution, etc. | 2021.<br/> |
| 520 ## - SUMMARY, ETC. | |
| Summary, etc. | L’analyse stylistique est l’examen des procédés linguistiques mis en œuvre par un écrivain.Elle emprunte à la grammaire, à la linguistique, à la rhétorique, à la poétique et à la sémiotique leurs outils et leurs approches pour décrire l’utilisation qu’un auteur fait de tel ou tel élément langagier.L’ouvrage se divise en 5 chapitres de la méthodologie du commentaire à l’entraînement en passant par l’étude des grands genres. Les applications aux textes proposent un parcours à l’étudiant allant de l’analyse au plan détaillé.Corrigés, mises au point théorique, bibliographies sélectives et glossaire accompagnent le travail de l’étudiant. |
| 856 41 - ELECTRONIC LOCATION AND ACCESS | |
| Uniform Resource Identifier | <a href="https://shs.cairn.info/lecons-de-stylistique--9782200631741?lang=fr&redirect-ssocas=7080">https://shs.cairn.info/lecons-de-stylistique--9782200631741?lang=fr&redirect-ssocas=7080</a> |
Pas d'exemplaire disponible.




Réseaux sociaux